Sistema Colombiano de ahorro y vivienda : (Registro nro. 12163)
[ vista simple ]
| 000 -LEADER | |
|---|---|
| fixed length control field | 00885nam a2200229Ia 4500 |
| 003 - CONTROL NUMBER IDENTIFIER | |
| control field | OSt |
| 005 - DATE AND TIME OF LATEST TRANSACTION | |
| control field | 20210811170026.0 |
| 008 - FIXED-LENGTH DATA ELEMENTS--GENERAL INFORMATION | |
| fixed length control field | 210310s1988 ck adcogr 000 0 spa d |
| 040 ## - CATALOGING SOURCE | |
| Original cataloging agency | CO-JMCR |
| Transcribing agency | CO-JMCR |
| 041 0# - LANGUAGE CODE | |
| Language code of text/sound track or separate title | spa |
| 082 04 - DEWEY DECIMAL CLASSIFICATION NUMBER | |
| Classification number | 332.32 / |
| Item number | C976s |
| Edition number | 23 |
| 100 1# - MAIN ENTRY--PERSONAL NAME | |
| Personal name | Currie, Lauchlin, |
| Relator term | autor |
| 9 (RLIN) | 4251 |
| 245 10 - TITLE STATEMENT | |
| Title | Sistema Colombiano de ahorro y vivienda : |
| Remainder of title | memoria de los 15 años 1972-1987 / |
| Statement of responsibility, etc. | Lauchilin Currie, Luis Eduardo Rosas |
| 260 ## - PUBLICATION, DISTRIBUTION, ETC. | |
| Place of publication, distribution, etc. | Bogotá : |
| Name of publisher, distributor, etc. | Instituto Colombiano de Ahorro y Vivienda, |
| Date of publication, distribution, etc. | 1988. |
| 300 ## - PHYSICAL DESCRIPTION | |
| Extent | [58] páginas : |
| Other physical details | ilustraciones, gráficas, retratos y fotografías a color ; |
| Dimensions | 21 x 23 cm. |
| 501 ## - WITH NOTE | |
| With note | Con : notas a pies de página. |
| 650 14 - SUBJECT ADDED ENTRY--TOPICAL TERM | |
| Topical term or geographic name entry element | UPAC |
| Geographic subdivision | Colombia. |
| 9 (RLIN) | 27468 |
| 650 24 - SUBJECT ADDED ENTRY--TOPICAL TERM | |
| Topical term or geographic name entry element | Sistema colombiano de ahorro y vivienda. |
| 9 (RLIN) | 39303 |
| 650 24 - SUBJECT ADDED ENTRY--TOPICAL TERM | |
| Topical term or geographic name entry element | Conferencias de vivienda |
| 9 (RLIN) | 39304 |
| 700 1# - ADDED ENTRY--PERSONAL NAME | |
| Personal name | Rosas, Luis Eduardo, |
| Relator term | autor |
| 9 (RLIN) | 39305 |
| 942 ## - ADDED ENTRY ELEMENTS (KOHA) | |
| Source of classification or shelving scheme | Dewey Decimal Classification |
| Koha item type | Books |
| Withdrawn status | Lost status | Source of classification or shelving scheme | Damaged status | Not for loan | Home library | Current library | Shelving location | Date acquired | Source of acquisition | Full call number | Barcode | Date last seen | Copy number | Price effective from | Koha item type |
|---|---|---|---|---|---|---|---|---|---|---|---|---|---|---|---|
| Dewey Decimal Classification | Biblioteca Pública José María del Castillo y Rada | Biblioteca Pública José María del Castillo y Rada | General Stacks | 04/15/2018 | Donación | 332.32 / C976s | 430002494 | 05/16/2024 | Ej.1 | 03/10/2021 | Books |